Fama y soledad de Picasso

Bewaard in:
Bibliografische gegevens
Hoofdauteur: Berger, John (Auteur)
Formaat: Boek
Taal:Spaans
Gepubliceerd in: Buenos Aires Alfaguara S. A de Edicones 2013
Editie:1a. ed
Onderwerpen:
Tags: Voeg label toe
Geen labels, Wees de eerste die dit record labelt!

MARC

LEADER 00000cam a2200000 a 4500
001 UCF9585
003 CL-VaPUC
008 131129e20130000ag |||||||||||||||||spa|d
020 |a 9789870427346 
082 0 4 |a 759.06  |b BER  |2 21 
100 0 |a Berger, John  |e author  |9 571955 
245 1 0 |a Fama y soledad de Picasso 
250 |a 1a. ed 
300 |a 264 p 
942 |c BK 
945 |d 20131129 12:34:00  |a dcastane 
260 |a Buenos Aires  |b Alfaguara S. A de Edicones  |c 2013 
600 0 7 |a PICASSO, PABLO  |2 CL-VaPUC  |9 265273 
650 0 |a Pintura española   |9 315217 
650 0 |a Pintores españoles  |9 315216 
650 0 |a Cubismo  |9 265275 
650 0 |a Biografías  |9 255210 
583 |a last modification  |c 20131129 12:34:00  |k Rodrigo Vera 
999 |c 354028  |d 354026 
952 |0 0  |1 0  |3 erb  |4 0  |6 759_060000000000000_BER_2013  |7 0  |8 A  |9 459659  |a BIBART  |b BIBART  |i 502904K  |o 759.06 BER 2013  |p 502904K  |r 2025-03-13  |w 2019-11-23  |y BK  |z Catalogado en:20131129  |k ART